000 00322nam a2200133Ia 4500
008 240624s9999 xx 000 0 und d
041 _aeng
082 _a658.4038 ALL
100 _aALLEN SEAN T
245 _aSTORM APPLIED
260 _c2015
_aNew Delhi
_bWiley
300 _axxiv, : 254 : p. : cm. ; 26
365 _cRS
_b33
999 _c25593
_d25593